000 00423nam a2200145 4500
003 CO-ViMGA
020 _a9789583058684
040 _aCO-ViMGA
_bspa
_cCO-ViMGA
082 0 4 _a863.6
_bS32d
100 1 _aSierra i Fabra, Jordi
_d1947
_9196
245 1 0 _aLo demás es silencio /
_cJordi Sierra i Fabra ; ilustrado por Manuela Correa Upegui
300 _a242 p.
_bil.
650 1 4 _aNovela juvenil española
_9197
942 _2ddc
_cBK
999 _c37183
_d37183